Di chỉ khảo cổ học Phùng Nguyên (Vĩnh Phúc)

保存先:
書誌詳細
第一著者: Hoàng Xuân Chinh
フォーマット: 図書
言語:Undetermined
出版事項: Hà nội KHXH 1978
主題:
タグ: タグ追加
タグなし, このレコードへの初めてのタグを付けませんか!
Thư viện lưu trữ: Trung tâm Học liệu Trường Đại học Cần Thơ
LEADER 00538nam a2200169Ia 4500
001 CTU_10648
008 210402s9999 xx 000 0 und d
082 |a 930.15 
082 |b Ch312d 
100 |a Hoàng Xuân Chinh 
245 0 |a Di chỉ khảo cổ học Phùng Nguyên (Vĩnh Phúc) 
245 0 |c Hoàng Xuân Chinh, Nguyễn Ngọc Bích 
260 |a Hà nội 
260 |b KHXH 
260 |c 1978 
650 |a archaeology, vietnam,bronze age,copper age 
980 |a Trung tâm Học liệu Trường Đại học Cần Thơ